<?xml version="1.0" encoding="UTF-8"?><?xml-stylesheet type="text/xsl" href="static/style.xsl"?><OAI-PMH xmlns="http://www.openarchives.org/OAI/2.0/" xmlns:xsi="http://www.w3.org/2001/XMLSchema-instance" xsi:schemaLocation="http://www.openarchives.org/OAI/2.0/ http://www.openarchives.org/OAI/2.0/OAI-PMH.xsd"><responseDate>2026-06-02T16:18:34Z</responseDate><request verb="GetRecord" identifier="oai:riuma.uma.es:10630/39956" metadataPrefix="marc">https://riuma.uma.es/rest/oai/request</request><GetRecord><record><header><identifier>oai:riuma.uma.es:10630/39956</identifier><datestamp>2026-02-03T10:22:16Z</datestamp><setSpec>com_10630_1685</setSpec><setSpec>col_10630_38055</setSpec></header><metadata><record xmlns="http://www.loc.gov/MARC21/slim" xmlns:dcterms="http://purl.org/dc/terms/" xmlns:doc="http://www.lyncode.com/xoai" xmlns:xsi="http://www.w3.org/2001/XMLSchema-instance" xsi:schemaLocation="http://www.loc.gov/MARC21/slim http://www.loc.gov/standards/marcxml/schema/MARC21slim.xsd">
   <leader>00925njm 22002777a 4500</leader>
   <datafield ind2=" " ind1=" " tag="042">
      <subfield code="a">dc</subfield>
   </datafield>
   <datafield ind2=" " ind1=" " tag="720">
      <subfield code="a">Ávila Orero, Jorge</subfield>
      <subfield code="e">author</subfield>
   </datafield>
   <datafield ind2=" " ind1=" " tag="260">
      <subfield code="c">2025-07</subfield>
   </datafield>
   <datafield ind2=" " ind1=" " tag="520">
      <subfield code="a">Los simuladores son herramientas clave en robótica, ya que permiten validar el comportamiento y avanzar en el desarrollo sin necesidad de pruebas físicas. En un entorno virtual podemos reproducir múltiples condiciones (terrenos irregulares, obstáculos, cambios de inclinación, etc.) y registrar con precisión el rendimiento de actuadores y sensores.&#xd;
En este proyecto se simula el vehículo Panter, partiendo de su diseño en SolidWorks, al que se le aplica un aligeramiento de componentes no esenciales para optimizar la ejecución.&#xd;
El modelo se describe en URDF, lo que garantiza plena compatibilidad con ROS 2, y se ejecuta en Gazebo Ignition Fortress.&#xd;
Para el control, se implementa en ROS 2 un nodo de teleoperación por teclado que aplica la cinemática de Ackermann en las ruedas delanteras y envía ya sea consignas de par a cada rueda o referencias de velocidad al vehículo. Además, se incorporan sensores de fuerza y par en cada articulación, lo que permite capturar datos en tiempo real para afinar y validar el comportamiento de Panter.</subfield>
   </datafield>
   <datafield ind1="8" ind2=" " tag="024">
      <subfield code="a">https://hdl.handle.net/10630/39956</subfield>
   </datafield>
   <datafield tag="653" ind2=" " ind1=" ">
      <subfield code="a">Robótica - Diseño y construcción - Trabajos fin de grado</subfield>
   </datafield>
   <datafield tag="653" ind2=" " ind1=" ">
      <subfield code="a">Robots autónomos - Trabajos fin de grado</subfield>
   </datafield>
   <datafield ind2="0" ind1="0" tag="245">
      <subfield code="a">Desarrollo de un simulador en GAZEBO para el robot móvil Panter</subfield>
   </datafield>
</record>
</metadata></record></GetRecord></OAI-PMH>